| 000 | 00803nam a2200277Ia 4500 | ||
|---|---|---|---|
| 003 | OSt | ||
| 005 | 20221006153549.0 | ||
| 006 | a|||||r|||| 00| 0 | ||
| 007 | ta | ||
| 008 | 221006b |||||||| |||| 00| 0 eng d | ||
| 020 |
_a9788931204827 _cW 9,000 |
||
| 024 | _a32,703 | ||
| 037 |
_bGift, 18/10/2007, Window on Korea _cTextual |
||
| 040 |
_aEASL _cEASL _beng |
||
| 041 |
_2eng _aeng |
||
| 082 | _aO495,3NKI, N8 | ||
| 100 |
_aKimm Samuel _9664414 |
||
| 245 | 0 |
_aStory of two brothers _b Nol-bu and Hung-bu |
|
| 260 |
_aSeoul _bIl Ji Sa Korea _c1998 |
||
| 300 |
_a218p. _ccm. |
||
| 490 | _v KEL | ||
| 650 | _a KEL | ||
| 650 |
_aLiterature - Stories _9664415 |
||
| 942 |
_hO495,3NKI, N8 _cTEXL _2CC |
||
| 999 |
_c1100789 _d1100789 |
||